00304nam a2200121Ia 4500008004100000041000800041082001600049100001600065245002500081260003800106300003100144365000700175240624s9999 xx 000 0 und d aeng a332.645 MUR aMURTY G R K aDERIVATIVE MARKETS I c2003aHyderabadbICFAI University axii, : 200 : p. : cm. ; 23 cRS